Ewige Tabelle der Champions League - Statistiken

Allgemein
  • Dieses Quiz wurde 3.544 mal gespielt
  • Das Durchschnittsergebnis liegt bei 33 aus 50
Antwortstatistiken
Hint Antwort % Korrekt
1 - SP Real Madrid
100%
2 - SP FC Barcelona
99%
3 - DE FC Bayern München
99%
12 - DE Borussia Dortmund
97%
4 - EN Manchester United
97%
7 - IT AC Mailand
96%
14 - IT Inter Mailand
96%
5 - IT Juventus Turin
96%
15 - NL Ajax Amsterdam
94%
10 - EN FC Liverpool
93%
9 - EN FC Chelsea
91%
23 - EN Manchester City
91%
13 - FR Paris St. Germain
91%
6 - PT FC Porto
90%
8 - EN FC Arsenal
89%
19 - PT Benfica Lissabon
88%
17 - SP Atletico Madrid
85%
11 - FR Olympique Lyon
85%
30 - FR Olympique Marseille
83%
22 - DE Bayer 04 Leverkusen
80%
20 - IT AS Rom
77%
16 - SP FC Valencia
72%
43 - IT Lazio Rom
71%
21 - NL PSV Eindhoven
70%
24 - TR Galatasaray Istanbul
69%
39 - SP FC Sevilla
68%
38 - EN Tottenham Hotspur
64%
48 - PT Sporting Lissabon
62%
41 - IT SSC Neapel
60%
18 - GR Olympiakos Piräus
59%
45 - CZ Sparta Prag
59%
33 - RU ZSKA Moskau
59%
27 - FR AS Monaco
54%
40 - DE SV Werder Bremen
54%
31 - GR Panathinaikos Athen
52%
28 - RU Spartak Moskau
50%
47 - TR Besiktas Istanbul
49%
25 - UA Dynamo Kiew
49%
42 - SC Celtic Glasgow
45%
49 - BE Club Brügge
45%
37 - CH FC Basel
43%
26 - UA Schachtar Donezk
41%
36 - BE RSC Anderlecht
40%
44 - RU Zenit St. Petersburg
39%
35 - SC Glasgow Rangers
36%
46 - FR Girondins Bordeaux
25%
34 - NO Rosenborg Trondheim
23%
32 - SP Deportivo La Coruna
15%
29 - DE FC Schalke 04
14%
50 - SE IFK Göteborg
7%
Keine übereinstimmenden Quizze gefunden
Verteilung der Resultate
Anzahl Personen mit jedem Resultat
Perzentil nach korrekt beantworteten Fragen
Ihre Resultats-Entwicklung
Sie haben dieses Quiz noch nicht gespielt